| 000 | 00361 a2200157 4500 | ||
|---|---|---|---|
| 001 | 164394 | ||
| 020 | _a | ||
| 040 | _cMagnum | ||
| 100 | _aBrandao, Antonio Carlos | ||
| 240 | 1 | 0 |
_aMovimentos culturais de juventude _lpor |
| 245 | 1 | 0 | _aMovimentos culturais de juventude |
| 362 | 0 | _a1899 | |
| 440 | 1 | _aModerna | |
| 697 | _aORGANIZACAO SOCIAL | ||
| 942 | _cBK | ||
| 999 |
_c164394 _d164394 |
||